000 00607nam a2200241 a 4500
001 nice12345678
003 IN_TiNIC
005 20260116011510.0
008 050524s1956 dela grp 000 0 urd
020 _a
_c5
082 0 0 _a297.23
_bNIZ1
100 _aNizami, S Hasan Chishti
245 _aAasmani Safar Nama
260 _aDelhi
_bAastana Book Depot
_c1956
300 _a212p
500 _aincludes index and biblioraphy
505 2 _ascn book club study project.3
650 _aEschatology-Islamic
700 1 _aNizami, S Hasan Chishti
902 _bSRS
942 _cBK
999 _c2056
_d2056